Oeuvres complètes de Shakespeare. (Record no. 165298)

MARC details
000 -LEADER
campo de control de longitud fija 00691nam a22001937i 4500
001 - NÚMERO DE CONTROL
campo de control 165298
003 - IDENTIFICADOR DE NÚMERO DE CONTROL
campo de control ES-MaACL
005 - FECHA Y HORA DE LA ÚLTIMA TRANSACCIÓN
campo de control 20250716062537.0
008 - DATOS DE LONGITUD FIJA--INFORMACIÓN GENERAL
campo de control de longitud fija 050906s1854 fr af | |||||||| ||fre d
040 ## - FUENTE DE CATALOGACIÓN
Centro catalogador/agencia de origen CAM
Lengua de catalogación spa
Centro/agencia transcriptor CAM
100 1# - ENTRADA PRINCIPAL--NOMBRE DE PERSONA
Nombre de persona Shakespeare, William,
Fechas asociadas al nombre 1564-1616
9 (RLIN) 105992
245 10 - MENCIÓN DEL TÍTULO
Título Oeuvres complètes de Shakespeare.
260 ## - PUBLICACIÓN, DISTRIBUCIÓN, ETC.
Lugar de publicación, distribución, etc. Paris :
Nombre del editor, distribuidor, etc. Charpentier,
Fecha de publicación, distribución, etc. 1854 (
Fabricante Imprimerie de Ve. Dondey-Dupré)
300 ## - DESCRIPCIÓN FÍSICA
Extensión 6 v., lám ;
Dimensiones 18 cm.
500 ## - NOTA GENERAL
Nota general Datos tomados de BN-Opale plus.
599 ## - NOTA A LAS ILUSTRACIONES
NOTA A LAS ILUSTRACIONES Las h. de lám. lit., al principio de cada obra.
852 ## - LOCALIZACIÓN
Ubicación ES-MaACL
Número de control de estantería F-8817-18
Nota libre -- Enc. hol.
condición física -- Contiene únicamente los T. III y VI, faltos de port.?
Holdings
Estatus retirado Estado de pérdida Estado de daño No para préstamo Colección Biblioteca de origen Biblioteca actual Ubicación en estantería Fecha de adquisición Total de préstamos Signatura topográfica completa Código de barras Visto por última vez Precio de reemplazo Tipo de ítem Koha
        Libros del s. XIX Biblioteca del Ateneo de Madrid Biblioteca del Ateneo de Madrid Sala Pecera Planta 2 17/01/2008   F-8817-18 1173333 23/02/2023 23/02/2023 Libro impreso antiguo